00261nam a22001097a 4500020001800000082001700018100001500035245003500050260003800085300000800123650002000131 a9788171100781 a294.5921 JOS aJoshi K.L. aThe Brahmasutra Sankara Bhasya aDelhibParimal Publicationsc2015 a431 aVedic Litrature